ՀՀ Գիտությունների ազգային ակադեմիայի հիմնարար գիտական գրադարան  =   Fundamental Scientific Library of NAS RA

Идеологическая работа КПБ в деревне и ее роль в создании колхозного строя / (Record no. 516494)

MARC details
000 -LEADER
fixed length control field 00948nam a22002297a 4500
003 - CONTROL NUMBER IDENTIFIER
control field AM-YEHGA
005 - DATE AND TIME OF LATEST TRANSACTION
control field 20250617164025.0
008 - FIXED-LENGTH DATA ELEMENTS--GENERAL INFORMATION
fixed length control field 210915b ||||| |||| 00| 0 rus d
040 ## - CATALOGING SOURCE
Original cataloging agency AM-YeHGA
041 0# - LANGUAGE CODE
Language code of text/sound track or separate title rus
001 - CONTROL NUMBER
control field 1790089
090 ## - LOCALLY ASSIGNED LC-TYPE CALL NUMBER (OCLC); LOCAL CALL NUMBER (RLIN)
-- 520038
100 1# - MAIN ENTRY--PERSONAL NAME
Personal name Лебедев, Николай Иванович.
245 10 - TITLE STATEMENT
Title Идеологическая работа КПБ в деревне и ее роль в создании колхозного строя /
Statement of responsibility, etc. Н.И. Лебедев
260 ## - PUBLICATION, DISTRIBUTION, ETC.
Place of publication, distribution, etc. Минск :
Name of publisher, distributor, etc. Изд-во М-ва высш., сред. спец. и проф. образования БССР,
Date of publication, distribution, etc. 1962.
300 ## - PHYSICAL DESCRIPTION
Extent 84 с.
440 #0 - SERIES STATEMENT/ADDED ENTRY--TITLE
Title Из истории КПБ
653 0# - INDEX TERM--UNCONTROLLED
Uncontrolled term КП Белоруссии - История
653 0# - INDEX TERM--UNCONTROLLED
Uncontrolled term Идеологическая работа КПСС
653 0# - INDEX TERM--UNCONTROLLED
Uncontrolled term Политико-массовая работа на селе - Белорус. ССР
942 ## - ADDED ENTRY ELEMENTS (KOHA)
Source of classification or shelving scheme Universal Decimal Classification
Koha item type Գրքեր / Books
Holdings
Withdrawn status Lost status Source of classification or shelving scheme Damaged status Not for loan Collection Home library Current library Date acquired Total checkouts Full call number Barcode Date last seen Price effective from Koha item type Public note
    Universal Decimal Classification     General Fundamental Scientific Library Fundamental Scientific Library 15/09/2021   РII/61339 FL0657803 15/09/2021 15/09/2021 Գրքեր / Books 30 Days Loan


ՀՀ ԳԱԱ հիմնարար գիտական գրադարան
ՀՀ,Երևան 0019
Մարշալ Բաղրամյան 24/6
հեռախոս:(374-10) 52-47-50
Հետադարձ կապ

All site content, except where otherwise noted, is licensed under a
Creative Commons License